| 000 | 00562nam a2200193Ia 4500 | ||
|---|---|---|---|
| 003 | GCL | ||
| 008 | 140319s9999 xx 000 0 eng d | ||
| 040 |
_aGCL / _cGCL |
||
| 082 | 0 | 4 |
_aCC _b932 _bG Q |
| 100 | 1 | _aGRIMAL, NICOLAS CHRISTAPHE. | |
| 245 | 1 | 0 |
_aQATRE STELES NAPATEENNES AU MUSEE DU CAIRE / _cGRIMAL, NICOLAS CHRISTAPHE. |
| 260 |
_a[S.N] : _bPUBLICATIONS DE L'INSTITUTE FRANCAIS DE ، _c1981 |
||
| 300 | _aCAIRO | ||
| 650 | 0 | 4 | _aANCIENT EGYPT |
| 650 | 0 | 4 | _aEGYPTOLOGY |
| 650 | 0 | 4 | _aEGYPT, MUSEUMS |
| 650 | 0 | 4 | _aEGYPT - ANTIQUITIES |
| 942 |
_2ddc _cBK |
||
| 999 |
_c15525 _d15525 |
||